000 01443nam a2200229 a 4500
003 PILC
005 20250623094804.0
008 070825s2003 xx 00 eng d
010 _aAcc#39126
020 _a0826418279
040 _cPhilippine Baptist Theological Seminary
050 _aBT 613
_bJ63 2003
100 1 0 _aJohnson, Elizabeth A.
_eAuthor
245 1 0 _aTruly our sister :
_ba theology of Mary in the Communion of Saints /
_cElizabeth A. Johnson.
264 _aNew York, NY :
_bContinuum,
_c©2003.
300 _axvii, 379 p. ; 23 cm.
500 _aIncludes bibliographical references
505 _aContents -- Acknowledgements -- Introduction -- Part 1 WOMEN'S VOICES IN A NEW KEY -- Chapter 1 Fragments in the rubble -- 2. Women's theological work -- Part 2 Roads not taken -- 3. Cul-de-Sac: the ideal face of woman -- 4. Cul-de-Sac: the maternal face of God -- Part 3: A way forward -- 5 A modest proposal -- 6 Precedents -- Part 4: Picturing a world -- 7. Galilee: the political-economic world -- 8. Second temple Judaism: the religious world -- 9. Women: the social-cultural world -- Part 5 Mary in the communion of Saints -- 10. The dangerous memory of Mary: a mosaic -- 11. Mary, friend of God and prophet -- Notes -- Index of subjects and names -- Index of ancient sources
650 _aMARY, BLESSED VIRGIN, SAINT
_xTHEOLOGY
650 _aCATHOLIC CHURCH
_xDOCTRINES
942 _cCB
_2lcc
999 _c18002
_d18002